|
|
|
|
| LEADER |
00000cam a2200000 a 4500 |
| 001 |
030283 |
| 003 |
UAHC_CL |
| 005 |
20170803123207.0 |
| 008 |
130412b xx j 000 1 eng |
| 040 |
|
|
|a UAHC_CL
|c UAHC_CL
|d UAHC_CL
|
| 100 |
1 |
|
|a Morales A., Francisca
|
| 245 |
1 |
0 |
|a Institucionalidad para las políticas de primera infancia y resguardo de la calidad de la educación inicial desde la perspectiva de derechos /
|c Francisca Morales, Alejandra Cortázar.
|
| 300 |
|
|
|a pp 4-17
|
| 500 |
|
|
|a Docencia: hacia un movimiento pedagógico nacional (48), 2012. pp. 46-58
|
| 700 |
1 |
|
|a Cortázar V., Alejandra
|
| 900 |
|
|
|a DOCENCIA-48/12
|
| 942 |
|
|
|c BK
|
| 999 |
|
|
|c 30283
|d 30283
|